LIBRARY ONLINE CATALOGUE

Mzalendo Kimathi / (Record no. 16568)

MARC details
000 -LEADER
fixed length control field 00530nam a22001817a 4500
003 - CONTROL NUMBER IDENTIFIER
control field OSt
005 - DATE AND TIME OF LATEST TRANSACTION
control field 20171010150315.0
008 - FIXED-LENGTH DATA ELEMENTS--GENERAL INFORMATION
fixed length control field 171010b xxu||||| |||| 00| 0 eng d
020 ## - INTERNATIONAL STANDARD BOOK NUMBER
International Standard Book Number 9789966461056
040 ## - CATALOGING SOURCE
Original cataloging agency KABU
Transcribing agency KABU
050 ## - LIBRARY OF CONGRESS CALL NUMBER
Classification number PR9381.9
Item number .N48M93 1978
100 ## - MAIN ENTRY--PERSONAL NAME
Personal name Thiong'o, Ngugi Wa
245 ## - TITLE STATEMENT
Title Mzalendo Kimathi /
Statement of responsibility, etc. Ngugi Wa Thiong'o na Micere Githae Mugo
260 ## - PUBLICATION, DISTRIBUTION, ETC. (IMPRINT)
Place of publication, distribution, etc. Nairobi
Name of publisher, distributor, etc. EAEP
Date of publication, distribution, etc. 1978
300 ## - PHYSICAL DESCRIPTION
Extent x, 137 p.
700 ## - ADDED ENTRY--PERSONAL NAME
Personal name Mugo, Micere Githae
942 ## - ADDED ENTRY ELEMENTS (KOHA)
Source of classification or shelving scheme Library of Congress Classification
Koha item type General Collection
Classification part PR9381.9
Item part .N48M93 1978
Holdings
Withdrawn status Lost status Source of classification or shelving scheme Not for loan Home library Current library Shelving location Date acquired Cost, normal purchase price Inventory number Total Checkouts Full call number Barcode Date last seen Date last checked out Copy number Price effective from Koha item type
    Library of Congress Classification   Kabarak, Main Campus Kabarak, Main Campus General Stacks 10/10/2017 230.00 2017/0292 4 PR9381.9 .N48M93 1978 c.1 027754 03/10/2025 18/09/2025 c.1 10/10/2017 General Collection